Stolice państw byłego ZSRR - Statystyki

Ogólne statystyki
  • Ten quiz został rozwiązany 1 313 razy
  • Średni wynik to 11 z 15
Statystyki odpowiedzi
Państwo Stolica % Poprawnych
Ukraina Kijów
96%
Rosja Moskwa
96%
Białoruś Mińsk
95%
Litwa Wilno
95%
Łotwa Ryga
92%
Estonia Tallinn
90%
Mołdawia Kiszyniów
80%
Azerbejdżan Baku
77%
Kazachstan Nur-Sułtan
72%
Armenia Erywań
69%
Gruzja Tbilisi
66%
Kirgistan Biszkek
50%
Tadżykistan Duszanbe
45%
Turkmenistan Aszchabad
43%
Uzbekistan Taszkent
41%
Nie znaleziono quizów pasujących do podanych kryteriów
Rozkład punktacji
Procent ludzi z każdym wynikiem
Percentyl według liczby udzielonych odpowiedzi
Twoja historia wyników
Nie rozwiązałeś tego quizu